Biblia en imágenes / (Record no. 69038)
[ view plain ]
| 000 -LEADER | |
|---|---|
| campo de control de longitud fija | 00642nam a2200205 i 4500 |
| 001 - NÚMERO DE CONTROL | |
| campo de control | 69038 |
| 003 - IDENTIFICADOR DE NÚMERO DE CONTROL | |
| campo de control | ES-MaACL |
| 005 - FECHA Y HORA DE LA ÚLTIMA TRANSACCIÓN | |
| campo de control | 20251013234011.0 |
| 007 - CAMPO FIJO DE DESCRIPCIÓN FÍSICA--INFORMACIÓN GENERAL | |
| campo de control de longitud fija | t| |
| 008 - DATOS DE LONGITUD FIJA--INFORMACIÓN GENERAL | |
| campo de control de longitud fija | 040902s1957 sp ||||1| spa d |
| 080 ## - NÚMERO DE LA CLASIFICACIÓN DECIMAL UNIVERSAL | |
| Número de la Clasificación Decimal Universal | 22.09(084) |
| 130 00 - ENTRADA PRINCIPAL--TÍTULO UNIFORME | |
| Título uniforme | Biblia |
| 9 (RLIN) | 119237 |
| 245 10 - MENCIÓN DEL TÍTULO | |
| Título | Biblia en imágenes / |
| Mención de responsabilidad, etc. | prólogo de ... Benjamín de Arriba y Castro. |
| 260 ## - PUBLICACIÓN, DISTRIBUCIÓN, ETC. | |
| Lugar de publicación, distribución, etc. | Barcelona : |
| Nombre del editor, distribuidor, etc. | Herder, |
| Fecha de publicación, distribución, etc. | 1957. |
| 300 ## - DESCRIPCIÓN FÍSICA | |
| Extensión | 328 p. ; |
| Dimensiones | 26 cm. |
| 630 07 - PUNTO DE ACCESO ADICIONAL DE MATERIA--TÍTULO UNIFORME | |
| Título uniforme | Biblia- |
| Subdivisión de forma | Libros infantiles. |
| 9 (RLIN) | 119245 |
| 700 0# - ENTRADA AGREGADA--NOMBRE PERSONAL | |
| Nombre de persona | Arriba y Castro, Benjamín de, |
| Títulos y otros términos asociados al nombre | Cardenal, Arzobispo de Tarragona |
| 9 (RLIN) | 23282 |
| 852 ## - LOCALIZACIÓN | |
| Ubicación | ES-MaACL |
| Número de control de estantería | C-12812 |
| Sublocalización o colección | R.41067 |
| Estatus retirado | Estado de pérdida | Estado de daño | No para préstamo | Biblioteca de origen | Biblioteca actual | Ubicación en estantería | Fecha de adquisición | Fuente de adquisición | Total de préstamos | Signatura topográfica completa | Código de barras | Visto por última vez | Precio de reemplazo | Tipo de ítem Koha |
|---|---|---|---|---|---|---|---|---|---|---|---|---|---|---|
| Biblioteca del Ateneo de Madrid | Biblioteca del Ateneo de Madrid | Sala Palomar | 17/01/2008 | C-12812 | 1072294 | 23/02/2023 | 23/02/2023 | Libro impreso |
